Giáo trình kinh tế quốc tế

Nội dung gồm: Những vấn đề chung về kinh tế quốc tế, thương mại quốc tế và chính sách thương mại quốc tế, cán cân thanh toán và thị trường tiền tệ quốc tế, liên kết và hội nhập kinh tế quốc tế....

ver descrição completa

Na minha lista:
Detalhes bibliográficos
Autor principal: Đỗ Đức Bình
Formato: Livro
Idioma:Undetermined
Publicado em: H. KHKT 2004
Assuntos:
Tags: Adicionar Tag
Sem tags, seja o primeiro a adicionar uma tag!
Thư viện lưu trữ: Trung tâm Học liệu Trường Đại học Cần Thơ
LEADER 00895nam a2200205Ia 4500
001 CTU_62626
008 210402s9999 xx 000 0 und d
020 |b 26000 
082 |a 337 
082 |b B312 
100 |a Đỗ Đức Bình 
245 0 |a Giáo trình kinh tế quốc tế 
245 0 |c Đỗ Đức Bình và Nguyễn Thường Lạng 
260 |a H. 
260 |b KHKT 
260 |c 2004 
520 |a Nội dung gồm: Những vấn đề chung về kinh tế quốc tế, thương mại quốc tế và chính sách thương mại quốc tế, cán cân thanh toán và thị trường tiền tệ quốc tế, liên kết và hội nhập kinh tế quốc tế. 
650 |a international economic relations 
904 |i Minh 
980 |a Trung tâm Học liệu Trường Đại học Cần Thơ